The singing hearth /
Saved in:
| 主要作者: | |
|---|---|
| 格式: | 图书 |
| 语言: | English |
| 出版: |
New York :
Felsberg & Lauer,
1930.
|
| 标签: |
添加标签
没有标签, 成为第一个标记此记录!
|
| LEADER | 00492nam a2200181Ii 4500 | ||
|---|---|---|---|
| 001 | 006957822-2 | ||
| 005 | 20020606163548.3 | ||
| 008 | 800618s1930 nyu 000 0 eng d | ||
| 035 | 0 | |a ocm06434165 | |
| 040 | |a IXA |c IXA |d HLS | ||
| 050 | 4 | |a PS3545.R125 |b S565 1930 | |
| 090 | |a PS3545.R125 |b S565 1930 | ||
| 100 | 1 | |a Wragg, Russel, |d 1899- | |
| 245 | 1 | 4 | |a The singing hearth / |c by Russel Wragg. |
| 260 | |a New York : |b Felsberg & Lauer, |c 1930. | ||
| 300 | |a 63 p. ; |c 17 cm. | ||
| 988 | |a 20020608 | ||
| 906 | |0 OCLC | ||


